000 00324nam a2200121Ia 4500
008 190216s9999||||xx |||||||||||||| ||und||
100 _a"Janarddhanan Pillay C.P, V.G. Vijayalakshmi"
245 0 _aCalculus
260 _bCalicut University Central Co-Operative
_c2010
300 _a306
650 _aMathematics
942 _cBK
999 _c32296
_d32296